| 000 | 01175nam a2200277 a 4500 | ||
|---|---|---|---|
| 001 | 000046184 | ||
| 003 | DO-SdBNP | ||
| 005 | 20240305130643.0 | ||
| 007 | ta | ||
| 008 | 150703s2015 dr a r 000 0 spa d | ||
| 020 | _a9789945586336 | ||
| 040 |
_aDO-SdBNP _bspa _cBNPHU |
||
| 082 | 4 | _222 | |
| 100 | 1 |
_aMeléndez, Dario N., _d1929- _974230 |
|
| 245 | 1 | 0 |
_aPaso a la libertad / _cDario N. Meléndez ; presentación Alejandro Paulino Ramos. |
| 250 | _a2ª ed. | ||
| 260 |
_aSanto Domingo : _bArchivo General de la Nación, _c2015. |
||
| 300 |
_a145 p. : _bilustraciones ; _c23 cm. |
||
| 490 | 1 |
_aArchivo General de la Nación _v241 |
|
| 500 | _aIncluye datos biográficos del autor en las solapas. | ||
| 505 | 0 |
_aIntrodución -- _tCausas de la guerra -- _tLa revolución -- _tLos preparativos -- _tEl golpe -- _tArmas al pueblo -- _tInvacion de los Estados Unidos -- _tBatalla de la zona norte -- _tPreso -- _tCiudad nueva -- _tOtros acontecimientos -- _tRenúncia de la junta de reconstrucción. |
|
| 590 | _aInventariado, 2019/BT | ||
| 700 | 1 |
_aPaulino Ramos, Alejandro, _d1951- _epresentación _9325 |
|
| 830 | 0 |
_aArchivo General de la Nación _n241 _974231 |
|
| 942 |
_2ddc _cLBS1 |
||
| 999 |
_c45673 _d45673 |
||